000 00748nam a22002177a 4500
003 OSt
005 20251124113230.0
008 251124b |||||||| |||| 00| 0 eng d
020 _a978-1-63057-125-2
040 _aDWCL-Main lib
_cOC
082 _aCirc. 620.002 L816e 2017
100 _aLockhart, Shawna D.
245 _aAn engineer's introduction to programming with MATLAB 2017/
_cShawna D. Lockhart
260 _aMission, KS:
_bSDC publications ,
_cc2017.
300 _aiv, 222 pages :
_billustrations ; various pages ;
_c28cm.
504 _aIncludes index
650 _a1. Engineering mathematics-- data processing
650 _a2. MATLAB
650 _a3. Numerical analysis -- computer programs
942 _2ddc
_cBK-CIRC
_kCirc.
_n0
999 _c6072
_d6072